| 000 | 00919nas a2200289 4500 | ||
|---|---|---|---|
| 001 | BR2014005255 | ||
| 003 | BR-BrBNA | ||
| 005 | 20231205124428.0 | ||
| 007 | ta | ||
| 008 | 230509b bl.|||p| |||| 00| 00por d | ||
| 040 |
_aBR-BrBNA _bpor _cBiblioteca Nacional de Agricultura |
||
| 041 | _a(Pt) | ||
| 072 | _aQ04 | ||
| 100 | 1 | _aMetri, J.C. | |
| 100 | 1 | _aAndrade, S.A.C. | |
| 100 | 1 | _aMachado, E.C.L. | |
| 100 | 1 | _aShinohara, N.K.S. | |
| 100 | 1 | _aBiscontini, T.M.B. | |
| 245 | 1 | _aControle bacteriológico de carne caprina para elaboração de hambúrguer caprino defumado | |
| 650 | _aHAMBÚRGUER | ||
| 650 | _aCAPRINO | ||
| 650 | _aANÁLISE BACTERIOLÓGICA | ||
| 650 | _aÁCIDO ORGÂNICO | ||
| 773 | 0 |
_tArquivo Brasileiro de Medicina Veterinária e Zootecnia (Brazil) _xISSN 0102-0935 _g(Jun 2006), v. 58(3) p. 427-431 _wBR2014005255 |
|
| 909 |
_a202311 _bLúcia _c55 _dLúcia Elande |
||
| 942 |
_2AGRIS _n0 _cANA |
||
| 999 |
_c239030 _d239030 |
||